000 00579nam a22001697a 4500
005 20251108171047.0
008 250721s1988 xx 000 0 ara d
082 1 4 _a347.92/كما
100 1 _aالمحامي، كمال خالد
245 1 0 _aهؤلاء قتلوا السادات :
_bأسرار المرافعات في قضية تنظيم الجهاد /
264 1 _aالقاهره :
_bدار النصر للطباعة الإسلامية،
_c1988.
300 _a366ص
650 1 7 _aقانون المرافعات
650 1 7 _aمصر
942 _2ddc
_cBK
999 _c55594
_d55594